Babar - Le Quiz - Statistiques

Statistiques générales
  • Ce quiz a été pris 117 fois
  • Le résultat moyen est 8 sur 20
Statistiques - réponses
Question Réponse % Correct
Personnage principal, roi des éléphants Babar
100%
Son épouse Céleste
61%
Couleur de son costume fétiche Vert
51%
Pays où a été créé le personnage France
48%
L'épouse de Babar est également sa... Cousine
45%
Singe malicieux, ami du roi Zéphir
44%
Eléphant très âgé, sage conseiller du roi Cornélius
41%
Amie humaine du roi, qui lui enseigna la vie en ville La {Vieille} {Dame}
39%
Ville qu'il a fondée Célesteville
38%
Type de chapeau que porte Babar, lorsqu'il n'a pas sa couronne Chapeau melon
37%
Leurs 4 enfants Pom
37%
Leurs 4 enfants Alexandre
35%
Leurs 4 enfants Flore
34%
Leur oncle, frère de la reine Arthur
33%
Le roi des rhinocéros, ennemi de Babar Rataxès
29%
Autre conseiller du roi, portant toujours un monocle Pompadour
24%
Leurs 4 enfants Isabelle
23%
Année de première parution 1931
16%
Prénom de son fils Victor
12%
Conteuse qui inventa le personnage et son univers(son mari en illustra les premières histoires) Cécile de Brunhoff
10%
Aucun quiz correspondant
Distribution des résultats
% des personnes avec chaque résultat
Percentile par nombre de réponses
Votre historique - résultats
Vous n’avez pas pris ce quiz